RegioExpresse der Schweiz - Statistiken

Allgemein
  • Dieses Quiz wurde 46 mal gespielt
  • Das Durchschnittsergebnis liegt bei 79 aus 189
Antwortstatistiken
Linie Bahnhof % Korrekt
RE7 (RhB) | RE8 (RhB) Chur
94%
RE1/R11 (BLS) | RE2 (SBB) Bern
83%
Thun
83%
Spiez
72%
RE9 (RhB) St.Moritz
72%
Brig
67%
Davos Dorf
67%
Davos Platz
67%
Frutigen
67%
RE1 (RhB) | RE13 | RE2 (RhB) | RE24 Landquart
67%
RE7 (Bls) Luzern
67%
Münsingen
67%
St.Gallen
67%
Goppenstein
61%
Romanshorn
61%
Scuol-Tarasp
61%
Aarau
56%
RE4 (SBB) Biel/Bienne
56%
Disentis/Mustér
56%
RE1 (Thurbo) Herisau
56%
Kandersteg
56%
Klosters Dorf
56%
Klosters Platz
56%
Küblis
56%
Oey-Diemtigen
56%
RE12 Olten
56%
Poschiavo
56%
Reichenbach im Kandertal
56%
Saas im Prättigau
56%
Samedan
56%
Thusis
56%
Tirano
56%
Zweisimmen
56%
Baden
50%
Brusio
50%
Celerina/Schlarigna
50%
Davos Monstein
50%
Domat/Ems
50%
Filisur
50%
Fribourg/Freiburg
50%
Ilanz/Glion
50%
Konstanz(D)
50%
Langnau i. E.
50%
Pontresina
50%
Romont FR
50%
Schiers
50%
Wolhusen
50%
Alp Grüm
44%
Ardez
44%
Bernina Diavolezza
44%
Bulle
44%
Davos Wiesen
44%
Domodossola
44%
Düdingen
44%
Erlenbach im Simmental
44%
Hohtenn
44%
Lalden
44%
Malters
44%
Miralago
44%
Morteratsch
44%
RE6 | RE9 (SBB Neuchâtel/Neuenburg
44%
Reichenau-Tamins
44%
Trun
44%
Zernez
44%
Zuoz
44%
Brugg AG
39%
Campocologno
39%
Cavadürli
39%
Davos Wolfgang
39%
RE9 (BLS) Interlaken Ost
39%
Interlaken West
39%
Konolfingen
39%
Kreuzlingen Hafen
39%
La Chaux-de-Fonds
39%
La Chaux-de-Fonds Les Forges
39%
Le Locle
39%
Mülenen
39%
Rhäzüns
39%
Sagliains
39%
Surovas
39%
Turgi
39%
Wettingen
39%
Ausserberg
33%
Bernina Suot
33%
Broc-Chocolaterie
33%
Broc-Village
33%
Chambrelien
33%
Davos Glaris
33%
Guarda
33%
Iselle di Trasquera
33%
Malans GR
33%
RE5 Solothurn
33%
St-Imier
33%
Versam-Safien
33%
Wildegg
33%
Wimmis
33%
Bätterkinden
28%
Bernina Lagalp
28%
Boltigen
28%
Bonaduz
28%
Celerina Staz
28%
Davos Laret
28%
Enge im Simmental
28%
Entlebuch
28%
Grüsch
28%
La Tour-de-Trême
28%
Les Geneveys-sur-Coffrane
28%
Les Hauts-Geneveys
28%
Punt Muragl Staz
28%
Castrisch
22%
Cavaglia
22%
Eggerberg
22%
Jegenstorf
22%
Le Prese
22%
Rabius-Surrein
22%
Seewis-Pardisla
22%
Sonceboz-Sombeval
22%
Sumvitg-Cumpadials
22%
Trin
22%
Valendas-Sagogn
22%
Waltensburg/Vuorz
22%
Davos Frauenkich
17%
Eifeld
17%
Frasne
17%
Jenaz
17%
Lavin
17%
Le Crêt-du-Locle
17%
Pontarlier
17%
Rueun
17%
S-Chanfs
17%
Tavanasa-Breil/Brigels
17%
Weissenburg
17%
Burgholz
11%
Courtelary
11%
Därstetten
11%
Escholzmatt
11%
Lattigen bei Spiez
11%
Oberwil im Simmental
11%
Ospizia Bernina
11%
Ringoldingen
11%
Schüpfheim
11%
Trubschachen
11%
Varzo
11%
Biberist RBS
6%
Fraubrunnen
6%
Preglia
6%
Travers
6%
Lohn-Lüterkofen
0%
Keine übereinstimmenden Quizze gefunden
Verteilung der Resultate
Anzahl Personen mit jedem Resultat
Perzentil nach korrekt beantworteten Fragen
Ihre Resultats-Entwicklung
Sie haben dieses Quiz noch nicht gespielt